Arduino in Action (Record no. 301078)

MARC details
000 -LEADER
fixed length control field 00397nam a22001457a 4500
005 - DATE AND TIME OF LATEST TRANSACTION
control field 20251015164719.0
008 - FIXED-LENGTH DATA ELEMENTS--GENERAL INFORMATION
fixed length control field 251015b |||||||| |||| 00| 0 eng d
020 ## - INTERNATIONAL STANDARD BOOK NUMBER
International Standard Book Number 9781617290244
082 ## - DEWEY DECIMAL CLASSIFICATION NUMBER
Classification number 621.3815 EVA;
100 ## - MAIN ENTRY--PERSONAL NAME
Personal name Evans, Martin. Noble, Joshua. Hochenbaum, Jordan.
245 ## - TITLE STATEMENT
Title Arduino in Action
260 ## - PUBLICATION, DISTRIBUTION, ETC. (IMPRINT)
Place of publication, distribution, etc. New York
Name of publisher, distributor, etc. Manning Publication
Date of publication, distribution, etc. 2013
300 ## - PHYSICAL DESCRIPTION
Extent xxii, 346
942 ## - ADDED ENTRY ELEMENTS (KOHA)
Koha item type Arch Books
Holdings
Date last seen Total Checkouts Full call number Accession number Copy number Cost, replacement price Price effective from Category Lost status Source of classification or shelving scheme Damaged status Withdrawn status bill no. bill date Permanent Location Current Location Shelving location Entry date Vendor Cost, normal purchase price Grants Currency symbol Conversion rate Discount Discount type
15/10/2025   621.3815 EVA;1 R AR1708 1 3575.11   Arch Books   Dewey Decimal Classification     KLBH/IN/589/2025-26 15/09/2025 Architecture Library Architecture Library ARCH 15/10/2025 KL Book House 3575.11 Design 1   %

© For any Suggestions or Query, please contact the library staff @ librarian@pes.edu or Phone: +9180 2672 1983/ 2108.